000 00663nam a2200289Ia 4500
005 20260324141947.0
008 008 260324s9999 xx 000 0 eng d
020 _a9781315004495
037 _aEBOOK
040 _aCRL
040 _beng
040 _cCRL
041 _2eng
041 _aeng
084 _qCRL
100 _aHelen and Kinsley Kinsley
_91210160
245 0 _aJohn Dryden
245 4 _bThe Critical Heritage
260 _bTaylor and Francis
260 _c1996
365 _a
365 _b510
856 _uhttp://www.taylorfrancis.com/books/9781315004495
942 _cEBOOK
999 _c1813816
_d1813816